000 01464nam0a2200349 4500
001 RU\NLR\bibl\1015029
005 20260405120126.0
010 _a5-484-00594-9
021 _aRU
_b2006-68053
_93418
035 _a(NLR Aleph) 001002616
090 _a588221
_c588221
100 _a20061130d2006 |||y0rusy50 ca
101 0 _arus
102 _aRU
105 _ay |||||||||
200 1 _aМультипликаторы интегралов Фурье, псевдодифференциальные уравнения, волновая факторизация, краевые задачи
_fВ.Б. Васильев
210 _aМосква
_cКомКнига
_d2006
215 _a135 с.
_d22
300 _aНа 4-й с. обл. авт.: В.Б. Васильев, д.ф.-м.н., проф.
320 _aБиблиогр.: с. 115-135 (347 назв.)
606 1 _aФурье интегралы
_92173630
_3RU\NLR\auth\661307389
606 1 _aПсевдодифференциальные уравнения
_91003513
_3RU\NLR\auth\66380900
606 1 _aКраевые задачи
_9936398
_3RU\NLR\auth\6627094
686 _aВ161.6
686 _aВ161.911
686 _aВ161.517.3
700 1 _4070
_8rus
_7ca
_aВасильев
_bВ. Б.
_cд-р физ.-мат. наук
_gВладимир Борисович
_3RU\NLR\auth\7746379
_929314
801 0 _aRU
_bNLR
_c20061130
_grcr
801 1 _aRU
_bNLR
_c20061130
942 _cBOOK
980 _aNB